Social Informatics 7th International Conference, SocInfo 2015, Beijing, China, December 9-12, 2015, Proceedings /

This book constitutes the proceedings of the 7th International Conference on Social Informatics, SocInfo 2015, held in Beijing, China, in December 2015. The 19 papers presented in this volume were carefully reviewed and selected from 42 submissions. They cover topics such as user modeling, opinion m...

Full description

Bibliographic Details
Corporate Author: SpringerLink (Online service)
Other Authors: Liu, Tie-Yan (Editor), Scollon, Christie Napa (Editor), Zhu, Wenwu (Editor)
Format: Electronic eBook
Language:English
Published: Cham : Springer International Publishing : Imprint: Springer, 2015.
Edition:1st ed. 2015.
Series:Lecture Notes in Computer Science, 9471
Subjects:
Online Access:Full Text via HEAL-Link
LEADER 02585nam a22005895i 4500
001 978-3-319-27433-1
003 DE-He213
005 20151202161117.0
007 cr nn 008mamaa
008 151201s2015 gw | s |||| 0|eng d
020 |a 9783319274331  |9 978-3-319-27433-1 
024 7 |a 10.1007/978-3-319-27433-1  |2 doi 
040 |d GrThAP 
050 4 |a QA75.5-76.95 
072 7 |a UNH  |2 bicssc 
072 7 |a UND  |2 bicssc 
072 7 |a COM030000  |2 bisacsh 
082 0 4 |a 025.04  |2 23 
245 1 0 |a Social Informatics  |h [electronic resource] :  |b 7th International Conference, SocInfo 2015, Beijing, China, December 9-12, 2015, Proceedings /  |c edited by Tie-Yan Liu, Christie Napa Scollon, Wenwu Zhu. 
250 |a 1st ed. 2015. 
264 1 |a Cham :  |b Springer International Publishing :  |b Imprint: Springer,  |c 2015. 
300 |a XII, 290 p. 92 illus. in color.  |b online resource. 
336 |a text  |b txt  |2 rdacontent 
337 |a computer  |b c  |2 rdamedia 
338 |a online resource  |b cr  |2 rdacarrier 
347 |a text file  |b PDF  |2 rda 
490 1 |a Lecture Notes in Computer Science,  |x 0302-9743 ;  |v 9471 
520 |a This book constitutes the proceedings of the 7th International Conference on Social Informatics, SocInfo 2015, held in Beijing, China, in December 2015. The 19 papers presented in this volume were carefully reviewed and selected from 42 submissions. They cover topics such as user modeling, opinion mining, user behavior, and crowd sourcing. . 
650 0 |a Computer science. 
650 0 |a Data mining. 
650 0 |a Information storage and retrieval. 
650 0 |a User interfaces (Computer systems). 
650 0 |a Artificial intelligence. 
650 0 |a Application software. 
650 1 4 |a Computer Science. 
650 2 4 |a Information Storage and Retrieval. 
650 2 4 |a Artificial Intelligence (incl. Robotics). 
650 2 4 |a Computer Appl. in Social and Behavioral Sciences. 
650 2 4 |a Data Mining and Knowledge Discovery. 
650 2 4 |a User Interfaces and Human Computer Interaction. 
650 2 4 |a Information Systems Applications (incl. Internet). 
700 1 |a Liu, Tie-Yan.  |e editor. 
700 1 |a Scollon, Christie Napa.  |e editor. 
700 1 |a Zhu, Wenwu.  |e editor. 
710 2 |a SpringerLink (Online service) 
773 0 |t Springer eBooks 
776 0 8 |i Printed edition:  |z 9783319274324 
830 0 |a Lecture Notes in Computer Science,  |x 0302-9743 ;  |v 9471 
856 4 0 |u http://dx.doi.org/10.1007/978-3-319-27433-1  |z Full Text via HEAL-Link 
912 |a ZDB-2-SCS 
912 |a ZDB-2-LNC 
950 |a Computer Science (Springer-11645)